বাংলাদেশ রাজনীতির ৫০ বছর / (Record no. 34520)
[ view plain ]
| 000 -LEADER | |
|---|---|
| fixed length control field | 01047nam a22002177a 4500 |
| 003 - CONTROL NUMBER IDENTIFIER | |
| control field | BDDh-ASL |
| 005 - DATE AND TIME OF LATEST TRANSACTION | |
| control field | 20240516123325.0 |
| 008 - FIXED-LENGTH DATA ELEMENTS--GENERAL INFORMATION | |
| fixed length control field | 240516s2021 b ||||| |||| 00| 0 b d |
| 040 ## - CATALOGING SOURCE | |
| Transcribing agency | BDDh-ASL |
| 041 ## - LANGUAGE CODE | |
| Language code of text/sound track or separate title | ben |
| 082 ## - DEWEY DECIMAL CLASSIFICATION NUMBER | |
| Classification number | 320.5492 |
| Item number | BAN |
| 100 1# - MAIN ENTRY--PERSONAL NAME | |
| Personal name | রেহমান, তারেক শামসুর |
| Titles and words associated with a name | অধ্যাপক |
| 9 (RLIN) | 8396 |
| 245 1# - TITLE STATEMENT | |
| Title | বাংলাদেশ রাজনীতির ৫০ বছর / |
| Statement of responsibility, etc. | তারেক শামসুর রেহমান (সম্পা.)। |
| 246 ## - VARYING FORM OF TITLE | |
| Title proper/short title | Bangladesh Rajnitir 50 Bochor Edited by Tareque Shamsur Rehman. |
| 260 ## - PUBLICATION, DISTRIBUTION, ETC. | |
| Place of publication, distribution, etc. | ঢাকা: |
| Name of publisher, distributor, etc. | শোভা প্রকাশ, |
| Date of publication, distribution, etc. | ২০২১। |
| 300 ## - PHYSICAL DESCRIPTION | |
| Extent | ৬৭০ পৃষ্ঠা: |
| Dimensions | ২২ সে.মি. |
| 504 ## - BIBLIOGRAPHY, ETC. NOTE | |
| Bibliography, etc. note | গ্রন্থপঞ্জি সংযুক্ত । |
| 650 #0 - SUBJECT ADDED ENTRY--TOPICAL TERM | |
| Topical term or geographic name entry element | রাষ্ট্রবিজ্ঞান (Political Science), রাজনীতি, Rāṣṭrabijñāna |
| 9 (RLIN) | 6090 |
| 650 #0 - SUBJECT ADDED ENTRY--TOPICAL TERM | |
| Topical term or geographic name entry element | Political History (রাজনৈতিক ইতিহাস) |
| 9 (RLIN) | 5918 |
| 942 ## - ADDED ENTRY ELEMENTS (KOHA) | |
| Source of classification or shelving scheme | Dewey Decimal Classification |
| Koha item type | Books |
| Withdrawn status | Lost status | Source of classification or shelving scheme | Damaged status | Not for loan | Collection code | Home library | Current library | Shelving location | Date acquired | Source of acquisition | Total Checkouts | Full call number | Barcode | Date last seen | Copy number | Price effective from | Koha item type | Public note |
|---|---|---|---|---|---|---|---|---|---|---|---|---|---|---|---|---|---|---|
| Dewey Decimal Classification | Non-fiction | Asiatic Society Library | Asiatic Society Library | General Stacks | 05/16/2024 | Purchased Book, 2023 | 320.5492 BAN | 125448 | 05/16/2024 | C-1 | 05/16/2024 | Books | Y-2021 |